Digital VLSI Design / (Record no. 195528)

MARC details
000 -LEADER
fixed length control field 00525nam a22001817a 4500
005 - DATE AND TIME OF LATEST TRANSACTION
control field 20230405112538.0
010 ## - LCCN (DPL NO)
LC control number ENG-136577
020 ## - INTERNATIONAL STANDARD BOOK NUMBER
International Standard Book Number 9788120341876
Terms of availability 295.00
035 ## - SYSTEM CONTROL NUMBER
System control number EN-120109
037 ## - SOURCE OF ACQUISITION
Source of stock number/acquisition DBAD/PUB
082 ## - DEWEY DECIMAL CLASSIFICATION NUMBER
Classification number 005.4
100 ## - MAIN ENTRY--PERSONAL NAME
Personal name Singh,Ajay
245 ## - TITLE STATEMENT
Title Digital VLSI Design /
Statement of responsibility, etc By Ajay Singh
260 ## - PUBLICATION, DISTRIBUTION, ETC. (IMPRINT)
Place of publication, distribution, etc New Delhi
Name of publisher, distributor, etc PHI Learning Limited
Date of publication, distribution, etc 2011
270 ## - ADDRESS
Address M-97, Connaught Place Circus,
City New Delhi
Postal code 110001
300 ## - PHYSICAL DESCRIPTION
Extent xi348p.;
Dimensions 24cm(pbk)
Other physical details Index
942 ## - ADDED ENTRY ELEMENTS (KOHA)
Source of classification or shelving scheme Dewey Decimal Classification
Item type English Books
Classification part 005.4
Call number suffix AJA
Holdings
Withdrawn status Lost status Not for loan Collection code Home library Current library Date acquired Source of acquisition Cost, normal purchase price Full call number Barcode Copy number Cost, replacement price Koha item type
    Not For Loan Non-fiction Shahdara Branch Shahdara Branch 31/03/2023 DBAD/PUB 295.00 005.4 AJA EN-120109 1 295.00 English Books

© Delhi Public Library
Hit Counter
free hit counter